2019-2020 San Francisco 49ers Current Roster - Statistics

General Stats
  • This quiz has been taken 550 times
  • The average score is 18 of 46
Answer Stats
Hint Answer % Correct
QB Jimmy Garoppolo
97%
TE George Kittle
85%
WR Deebo Samuel
81%
DE Nick Bosa
76%
QB Nick Mullens
71%
CB Richard Sherman
67%
QB CJ Beathard
63%
RB Tevin Coleman
63%
Coach Kyle Shanahan
59%
LB Fred Warner
57%
RB Matt Breida
57%
DE Arik Armstead
56%
DT DeForest Buckner
55%
K Robbie Gould
55%
OL Joe Staley
49%
FS Jimmie Ward
48%
DE Dee Ford
47%
LB Kwon Alexander
41%
RB Jerick McKinnon
40%
WR Dante Pettis
38%
CB K'Waun Williams
38%
WR Marquise Goodwin
38%
SS Jaquiski Tartt
37%
OL Mike McGlinchey
37%
FB Kyle Juszczyk
34%
KR Richie James
33%
DE Solomon Thomas
32%
CB Ahkello Witherspoon
31%
DT DJ Jones
30%
OL Laken Tomlinson
28%
TE Ross Dwelley
28%
P Mitch Wishnowsky
24%
WR Trent Taylor
24%
TE Garrett Celek
23%
CB Jason Verrett
20%
OL Weston Richburg
20%
LB Malcolm Smith
17%
OL Mike Person
17%
CB Tarvarius Moore
14%
SS Marcell Harris
12%
DT Sheldon Day
11%
FS Adrian Colbert
6%
LB Mark Nzeocha
6%
SS Antone Exum Jr.
2%
LB David Mayo
2%
LS Colin Holba
1%
No matching quizzes found
Score Distribution
Percent of People with Each Score
Percentile by Number Answered
Your Score History
You have not taken this quiz